Georgia in Eurovision (2007-2025) - Statistics

General Stats
  • This quiz has been taken 10 times
  • The average score is 15 of 18
Answer Stats
Year Song title Result % Correct
2023 Echo 12 (SF)
100%
2024 Firefighter 21
100%
2025 Freedom 15 (SF)
100%
2022 Lock Me In 18 (SF)
100%
2012 I'm a Joker 14 (SF)
86%
2017 Keep the Faith 11 (SF)
86%
2010 Shine 9
86%
2015 Warrior 11
86%
2021 You 16 (SF)
86%
2018 For You 18 (SF)
71%
2019 Keep On Going 14 (SF)
71%
2016 Midnight Gold 20
71%
2011 One More Day 9
71%
2008 Peace Will Come 11
71%
2014 Three Minutes to Earth 15 (SF)
71%
2007 Visionary Dream 12
71%
2013 Waterfall 15
71%
2020 Take Me as I Am N/A
57%
No matching quizzes found
Score Distribution
Percent of People with Each Score
Percentile by Number Answered
Your Score History
You have not taken this quiz